Library Logo

Pioneer International University Library Catalogue

AMERICAN WOMEN AGAINST VIOLENCE/ (Record no. 9891)

MARC details
000 -LEADER
fixed length control field 00427nam a22001577a 4500
003 - CONTROL NUMBER IDENTIFIER
control field OSt
005 - DATE AND TIME OF LATEST TRANSACTION
control field 20251208122647.0
008 - FIXED-LENGTH DATA ELEMENTS--GENERAL INFORMATION
fixed length control field 251208b |||||||| |||| 00| 0 eng d
020 ## - INTERNATIONAL STANDARD BOOK NUMBER
International Standard Book Number 0766010252
040 ## - CATALOGING SOURCE
Transcribing agency ENSLOW PUBLISHERS
050 ## - LIBRARY OF CONGRESS CALL NUMBER
Classification number HN 90 .G56 1998
Item number .G56 1998
245 ## - TITLE STATEMENT
Title AMERICAN WOMEN AGAINST VIOLENCE/
Statement of responsibility, etc. GOLDENSTERN JOYCE
250 ## - EDITION STATEMENT
Edition statement 1ST EDITION
260 ## - PUBLICATION, DISTRIBUTION, ETC.
Place of publication, distribution, etc. USA:
Name of publisher, distributor, etc. ENSLOW PUBLISHERS ,
Date of publication, distribution, etc. 1998
942 ## - ADDED ENTRY ELEMENTS (KOHA)
Source of classification or shelving scheme Library of Congress Classification
Koha item type Books
Suppress in OPAC No
Holdings
Withdrawn status Lost status Source of classification or shelving scheme Damaged status Not for loan Home library Current library Date acquired Total checkouts Barcode Date last seen Price effective from Koha item type
    Library of Congress Classification     PIU Library PIU Library 12/08/2025   PIUDL901 12/08/2025 12/08/2025 Books